Economic analysis of business activity with the use of IT (management and control and PVD)
Manažér vývojár, analytik a tvorca podkladov k rozhodnutiam v podniku. Účtovnícky softvér ABRA, POHODA, Microsoft Business Inetlligence Tools. Pokročilé využitie databázových systémov - tvorba nových faktorov vplyvu a implementácia do ukazovateľov.
Enregistré dans:
| Auteur principal: | |
|---|---|
| Format: | Chapitre de livre |
| Langue: | anglais |
| Sujets: | |
| Tags: |
Pas de tags, Soyez le premier à ajouter un tag!
|
MARC
| LEADER | 00000naa a2200000 4500 | ||
|---|---|---|---|
| 001 | 0198242 | ||
| 005 | 20240502073341.1 | ||
| 041 | 0 | |a eng | |
| 044 | |a SK | ||
| 245 | 1 | 0 | |a Economic analysis of business activity with the use of IT (management and control and PVD) |c Jaroslav Kultan |
| 520 | |a Manažér vývojár, analytik a tvorca podkladov k rozhodnutiam v podniku. Účtovnícky softvér ABRA, POHODA, Microsoft Business Inetlligence Tools. Pokročilé využitie databázových systémov - tvorba nových faktorov vplyvu a implementácia do ukazovateľov. | ||
| 610 | 2 | 0 | |a technológie informačné |
| 610 | 2 | 0 | |a technológie komunikačné |
| 610 | 2 | 0 | |a ukazovatele |
| 610 | 2 | 0 | |a banky dát |
| 610 | 2 | 0 | |a dolovanie dát |
| 610 | 2 | 0 | |a sklad dát |
| 610 | 2 | 0 | |a spracovanie dát |
| 610 | 2 | 0 | |a analýza dát |
| 610 | 2 | 0 | |a znázornenie grafické |
| 100 | 1 | |a Kultan, Jaroslav, 1960- | |